Normal view
MARC view
- Jordan. Higher Population Council
Entry Personal Name
001 - CONTROL NUMBER
- control field: 3508
003 - CONTROL NUMBER IDENTIFIER
- control field: JO-AjAnu
005 - DATE AND TIME OF LATEST TRANSACTION
- control field: 20230606070858.0
008 - FIXED-LENGTH DATA ELEMENTS
- fixed length control field: 230606|| aca||aabn | a|a d
040 ## - CATALOGING SOURCE
- Original cataloging agency: JO-AjAnu
- Transcribing agency: JO-AjAnu
100 ## - HEADING--PERSONAL NAME
- Personal name: Jordan. Higher Population Council
670 ## - SOURCE DATA FOUND
- Source citation: Work cat.: (JO-AjAnu)1830: Jordan. Higher Population Council, author, Feasibility of family planning Services Inclusion Within Public and Private Employers Health Insurance Plans